Oposiciones a ingreso en el Magisterio Nacional (Record no. 57595)

MARC details
000 -LEADER
campo de control de longitud fija 00618nam a2200169 i 4500
001 - NÚMERO DE CONTROL
campo de control 57595
003 - IDENTIFICADOR DE NÚMERO DE CONTROL
campo de control ES-MaACL
005 - FECHA Y HORA DE LA ÚLTIMA TRANSACCIÓN
campo de control 20230906163616.0
007 - CAMPO FIJO DE DESCRIPCIÓN FÍSICA--INFORMACIÓN GENERAL
campo de control de longitud fija t|
008 - DATOS DE LONGITUD FIJA--INFORMACIÓN GENERAL
campo de control de longitud fija 031017s1969 sp ||||1| spa d
100 1# - ENTRADA PRINCIPAL--NOMBRE DE PERSONA
Nombre de persona Drudis Baldrich, Raimundo.
9 (RLIN) 45680
245 10 - MENCIÓN DEL TÍTULO
Título Oposiciones a ingreso en el Magisterio Nacional
Resto del título : contestaciones al temario y pruebas objetivas /
Mención de responsabilidad, etc. dirección y supervisión por Drudis Baldrich.
260 ## - PUBLICACIÓN, DISTRIBUCIÓN, ETC.
Lugar de publicación, distribución, etc. Madrid :
Nombre del editor, distribuidor, etc. Eurolibro,
Fecha de publicación, distribución, etc. 1969.
300 ## - DESCRIPCIÓN FÍSICA
Extensión 256 p. ;
Dimensiones 27 cm.
610 24 - PUNTO DE ACCESO ADICIONAL DE MATERIA--NOMBRE DE ENTIDAD CORPORATIVA
Nombre de entidad corporativa o nombre de jurisdicción como elemento de entrada Cuerpo de Magisterio Nacional Primario-
Subdivisión de forma Contestaciones para oposiciones.
9 (RLIN) 171658
852 ## - LOCALIZACIÓN
Ubicación ES-MaACL
Número de control de estantería C-36391
Holdings
Estatus retirado Estado de pérdida Estado de daño No para préstamo Biblioteca de origen Biblioteca actual Ubicación en estantería Fecha de adquisición Fuente de adquisición Total de préstamos Signatura topográfica completa Código de barras Visto por última vez Precio de reemplazo Tipo de ítem Koha
        Biblioteca del Ateneo de Madrid Biblioteca del Ateneo de Madrid Depósito 2 17/01/2008     C-36391 1060463 23/02/2023 23/02/2023 Libro impreso